[Event "Mittelfranken-ch QT"]
[Site "Mittelfranken"]
[Date "2014.04.17"]
[Round "5.13"]
[White "Dreiseitel, Ursula"]
[Black "Stohl, Peter"]
[Result "1-0"]
[WhiteElo "1503"]
[BlackElo "1583"]
[PlyCount "87"]
[EventDate "2014.04.16"]
[EventType "swiss"]
[EventRounds "7"]
[EventCountry "GER"]
[SourceTitle "EXT 2022"]
[Source "ChessBase"]
[SourceDate "2021.10.06"]
[SourceVersion "1"]
[SourceVersionDate "2021.10.06"]
[SourceQuality "1"]

1. d4 f5 2. Nf3 e6 3. Bf4 Nf6 4. h3 Nc6 5. e3 b6 6. c3 Bb7 7. Bd3 Be7 8. 0-0 0-0 9. Nbd2 Nd5 10. Bh2 Rc8 11. a3 Qe8 12. Qc2 Nf6 13. e4 fxe4 14. Nxe4 g6 15. Nxf6+ Bxf6 16. Rae1 Ne7 17. Ne5 d6 18. Ng4 Qd7 19. Bf4 Bg7 20. Nh6+ Kh8 21. Bg5 Nf5 22. Nxf5 exf5 23. Re7 Qc6 24. f3 Rce8 25. Rfe1 Rxe7 26. Rxe7 Re8 27. Qe2 Rf8 28. Bb5 Qd5 29. Rxc7 h6 30. Bc4 Qa5 31. Be7 Bxf3 32. gxf3 Re8 33. Bb5 Rg8 34. Bxd6 a6 35. Bxa6 Qd5 36. Bb4 f4 37. Bc4 Qg5+ 38. Qg2 Qd8 39. Rc6 Re8 40. Rxg6 Qc7 41. Bb3 Bxd4+ 42. cxd4 Qh7 43. Bc3 Rc8 44. d5+ 1-0

[Event "Mittelfranken Mitte-ch 0607"]
[Site "Zirndorf"]
[Date "2007.01.21"]
[Round "6"]
[White "Walter, Manfred"]
[Black "Stohl, Peter"]
[Result "1-0"]
[WhiteElo "1698"]
[BlackElo "1547"]
[PlyCount "105"]
[EventDate "2007.01.05"]
[EventType "swiss"]
[EventRounds "7"]
[EventCountry "GER"]
[SourceTitle "EXT 2015"]
[Source "ChessBase"]
[SourceDate "2014.11.20"]
[SourceVersion "1"]
[SourceVersionDate "2014.11.20"]
[SourceQuality "1"]

1. e4 Nf6 2. e5 Nd5 3. Nc3 e6 4. Nxd5 exd5 5. d4 d6 6. f4 dxe5 7. dxe5 Bf5 8. Nf3 c6 9. Bd3 Bxd3 10. Qxd3 Nd7 11. Be3 Bc5 12. 0-0 Bxe3+ 13. Qxe3 Qb6 14. Qxb6 axb6 15. Nd4 0-0 16. Nf5 Nc5 17. Nd6 Ra7 18. a3 b5 19. Rae1 Na4 20. b3 Nc5 21. f5 Rxa3 22. e6 fxe6 23. fxe6 Nxe6 24. Rxe6 Rb8 25. Nxb7 h6 26. Nc5 Ra2 27. Rc1 Rc8 28. Kf2 Rf8+ 29. Ke3 d4+ 30. Kd3 Rf2 31. Re2 Rf4 32. Ne6 Rg4 33. Nxd4 Rg6 34. g3 Rf6 35. Re6 Rf2 36. Re2 Rf6 37. Rce1 c5 38. Nxb5 Raa6 39. Kc4 Rac6 40. Re5 Rg6 41. Rxc5 Rg4+ 42. Nd4 Rd6 43. Rd5 Rc6+ 44. Kb5 Rc8 45. Re6 Kf7 46. Rd7+ Kf8 47. Rc6 Rb8+ 48. Ka6 Ke8 49. Rcd6 Rg5 50. Rd8+ Rxd8 51. Rxd8+ Ke7 52. Nc6+ Kf7 53. b4 1-0

[Event "Mittelfranken Mitte-ch 0607"]
[Site "Zirndorf"]
[Date "2007.01.06"]
[Round "2"]
[White "Boessenecker, Felix"]
[Black "Stohl, Peter"]
[Result "0-1"]
[WhiteElo "982"]
[BlackElo "1547"]
[PlyCount "116"]
[EventDate "2007.01.05"]
[EventType "swiss"]
[EventRounds "7"]
[EventCountry "GER"]
[SourceTitle "EXT 2015"]
[Source "ChessBase"]
[SourceDate "2014.11.20"]
[SourceVersion "1"]
[SourceVersionDate "2014.11.20"]
[SourceQuality "1"]

1. e4 d5 2. Bd3 dxe4 3. Bxe4 Nf6 4. Nc3 Nxe4 5. Nxe4 e6 6. d3 b6 7. Qf3 c6 8. Ne2 Be7 9. 0-0 0-0 10. b3 f5 11. N4c3 Bf6 12. Ba3 Rf7 13. Rad1 Bb7 14. d4 c5 15. d5 Rd7 16. Nf4 Bxc3 17. Qxc3 exd5 18. Ne6 Qc8 19. Bb2 d4 20. Qg3 Bd5 21. Rfe1 Re7 22. Qd6 Rd7 23. Qe5 g6 24. c4 Nc6 25. Qe2 Bxe6 26. Qxe6+ Rf7 27. Qd5 Nb4 28. Qf3 Qb7 29. Qxb7 Rxb7 30. a3 Na6 31. b4 Rd8 32. Re5 Kf7 33. bxc5 bxc5 34. Rd2 Rdb8 35. Ree2 d3 36. Rxd3 Rxb2 37. Rd7+ Kg8 38. Rxb2 Rxb2 39. h3 Ra2 40. Rd8+ Kg7 41. Rd7+ Kh6 42. Rxa7 Rxa3 43. Kh2 Ra2 44. f3 Nb4 45. Rc7 Nd3 46. Rd7 Ra3 47. Rd5 Kg5 48. g4 Kf4 49. gxf5 gxf5 50. Kg2 Ra2+ 51. Kf1 Rd2 52. h4 h5 53. Kg1 Kg3 54. Kf1 f4 55. Rxh5 Kxf3 56. Kg1 Rd1+ 57. Kh2 Nf2 58. Rxc5 Rh1# 0-1